Länder mit nur EINEM Vokal - Statistiken

Allgemein
  • Dieses Quiz wurde 1.650 mal gespielt
  • Das Durchschnittsergebnis liegt bei 7 aus 15
Antwortstatistiken
Länder % Korrekt
Nordamerika Kanada
83%
Asien Japan
72%
Europa Schweden
57%
Afrika Togo
49%
Europa Malta
47%
Nordamerika Panama
45%
Afrika Ghana
43%
Afrika Tschad
40%
Ozeanien Fidschi
39%
Europa Kosovo
38%
Nordamerika Bahamas
35%
Asien Jemen
35%
Asien Kasachstan
30%
Asien Katar
28%
Afrika Madagaskar
27%
Keine übereinstimmenden Quizze gefunden
Verteilung der Resultate
Anzahl Personen mit jedem Resultat
Perzentil nach korrekt beantworteten Fragen
Ihre Resultats-Entwicklung
Sie haben dieses Quiz noch nicht gespielt